[Event "POL-chT Academic"]
[Site "Katowice"]
[Date "2018.02.03"]
[Round "1.8"]
[White "Brzeski, Maciej"]
[Black "Lewandrowski, Tomasz"]
[Result "1-0"]
[WhiteElo "2339"]
[BlackElo "1891"]
[PlyCount "103"]
[EventDate "2018.02.03"]
[EventType "team-swiss (rapid)"]
[EventRounds "9"]
[EventCountry "POL"]
[SourceTitle "CBM 182 Extra"]
[Source "ChessBase"]
[SourceDate "2018.02.23"]
[SourceVersion "1"]
[SourceVersionDate "2018.02.23"]
[SourceQuality "1"]
[WhiteTeam "Krakow UJ"]
[BlackTeam "Warszawa WAT"]
[WhiteTeamCountry "POL"]
[BlackTeamCountry "POL"]

1. e4 c5 2. Nc3 d6 3. f4 Nf6 4. Nf3 Nc6 5. Bc4 e6 6. e5 Nd7 7. exd6 Bxd6 8. d3 a6 9. a4 Qc7 10. f5 Nde5 11. fxe6 Bxe6 12. Bxe6 fxe6 13. Nxe5 Bxe5 14. Qh5+ g6 15. Qh6 Nd4 16. 0-0 0-0-0 17. Bg5 Rde8 18. Rac1 Nf5 19. Qh3 Bd4+ 20. Kh1 h5 21. Ne4 Rhf8 22. c3 Bg7 23. b4 b6 24. bxc5 bxc5 25. Rb1 Kd7 26. Qf3 Rb8 27. Qf2 Nd4 28. Qa2 Nf5 29. Qc4 Nd6 30. Nxc5+ Kc6 31. Qxa6+ Kxc5 32. Be3+ Kd5 33. c4+ Ke5 34. Rbe1 Rxf1+ 35. Rxf1 g5 36. Bxg5 Qf7 37. Re1+ Kf5 38. Qxd6 Kxg5 39. Qxb8 e5 40. Qd8+ Kg6 41. Qd5 Qf2 42. Qe4+ Kf6 43. Qf3+ Qxf3 44. gxf3 Bf8 45. Kg2 Kf5 46. Rb1 Kf4 47. a5 Ke3 48. a6 Bc5 49. Rb5 Bd4 50. Rxe5+ Kxd3 51. Rd5 Kxc4 52. Rxd4+ 1-0

[Event "Warsaw YMCA Winter-B 164th"]
[Site "Warsaw"]
[Date "2016.03.04"]
[Round "11"]
[White "Kasperkiewicz, Pawel"]
[Black "Lewandrowski, Tomasz"]
[Result "1-0"]
[WhiteElo "1899"]
[BlackElo "1886"]
[PlyCount "69"]
[EventDate "2016.01.07"]
[EventType "tourn"]
[EventRounds "13"]
[EventCountry "POL"]
[SourceTitle "EXT 2019"]
[Source "ChessBase"]
[SourceDate "2018.10.10"]
[SourceVersion "1"]
[SourceVersionDate "2018.10.10"]
[SourceQuality "1"]

1. c4 c5 2. Nc3 b6 3. Nf3 Bb7 4. d4 cxd4 5. Nxd4 e6 6. e4 d6 7. Bd3 Nf6 8. 0-0 Be7 9. b3 Nbd7 10. Bb2 a6 11. Qe2 0-0 12. Rae1 Qc7 13. Bb1 Rfe8 14. Kh1 Bf8 15. f4 e5 16. fxe5 Rxe5 17. Qf2 Rae8 18. Qh4 Nc5 19. Rxf6 gxf6 20. Nf5 Nxe4 21. Bxe4 Bxe4 22. Nxe4 Rxf5 23. Qg4+ Kh8 24. Qxf5 Bg7 25. Rf1 Qc8 26. Qxc8 Rxc8 27. Nxd6 Rc6 28. Nf5 Re6 29. h3 h5 30. Nxg7 Kxg7 31. Kh2 Kg6 32. Kg3 f5 33. Kf2 h4 34. Re1 Rd6 35. Re2 1-0

[Event "Warsaw YMCA Winter-B 164th"]
[Site "Warsaw"]
[Date "2016.02.25"]
[Round "8"]
[White "Lewandrowski, Tomasz"]
[Black "Piotrowski, Arkadiusz"]
[Result "0-1"]
[WhiteElo "1886"]
[BlackElo "1976"]
[PlyCount "104"]
[EventDate "2016.01.07"]
[EventType "tourn"]
[EventRounds "13"]
[EventCountry "POL"]
[SourceTitle "EXT 2019"]
[Source "ChessBase"]
[SourceDate "2018.10.10"]
[SourceVersion "1"]
[SourceVersionDate "2018.10.10"]
[SourceQuality "1"]

1. e4 c6 2. Nf3 d5 3. Nc3 Bg4 4. h3 Bh5 5. exd5 cxd5 6. g4 Bg6 7. Ne5 Nc6 8. Bb5 Rc8 9. d4 f6 10. Nxg6 hxg6 11. Qd3 Kf7 12. Nxd5 Nxd4 13. Bc4 Nf3+ 14. Kf1 e6 15. Nf4 Qxd3+ 16. cxd3 Ng5 17. Kg2 Bd6 18. h4 Bxf4 19. Bxf4 Nh7 20. Rae1 Nf8 21. Bd6 Ne7 22. Kg3 Rc6 23. Bb4 a6 24. a4 Nd7 25. f4 f5 26. g5 Re8 27. Re2 Nb6 28. Bb3 Rd8 29. Rd1 Nbd5 30. Ba3 b5 31. Bxe7 Kxe7 32. axb5 axb5 33. Re5 Nc7 34. Kf3 Rd4 35. Re3 Kd6 36. Rde1 Kd7 37. Ra1 Rcd6 38. Ra3 Rb4 39. Ke2 Rxf4 40. Rh3 Rg4 41. Rh2 Rdd4 42. h5 Rxg5 43. h6 gxh6 44. Rxh6 Rg2+ 45. Ke3 Rd6 46. Ra7 Kc6 47. Bd1 Rg3+ 48. Kf2 Rgxd3 49. Bf3+ Nd5 50. Rhh7 Kc5 51. Rh1 Rd2+ 52. Kg3 Rxb2 0-1

[Event "Warsaw YMCA Winter-B 164th"]
[Site "Warsaw"]
[Date "2016.02.11"]
[Round "6"]
[White "Lewandrowski, Tomasz"]
[Black "Barc, Michal"]
[Result "1-0"]
[WhiteElo "1886"]
[BlackElo "1770"]
[PlyCount "97"]
[EventDate "2016.01.07"]
[EventType "tourn"]
[EventRounds "13"]
[EventCountry "POL"]
[SourceTitle "EXT 2019"]
[Source "ChessBase"]
[SourceDate "2018.10.10"]
[SourceVersion "1"]
[SourceVersionDate "2018.10.10"]
[SourceQuality "1"]

1. e4 d6 2. d4 Nf6 3. Bd3 e5 4. d5 Nbd7 5. Be3 c5 6. c4 Be7 7. Nc3 a6 8. f3 Nh5 9. Qd2 h6 10. g4 Nf4 11. 0-0-0 Bg5 12. Kb1 Nxd3 13. Qxd3 Bxe3 14. Qxe3 Qa5 15. Qd3 Rb8 16. Nge2 b5 17. Nc1 bxc4 18. Qxc4 Rb4 19. Qe2 Rb8 20. Ka1 Nb6 21. a3 Na4 22. Nxa4 Qxa4 23. h4 Qb5 24. Qd2 g6 25. g5 h5 26. f4 exf4 27. Qc3 0-0 28. Rdf1 Bd7 29. Rxf4 Qb6 30. Rhf1 Bb5 31. R1f2 Rb7 32. Rf6 Qc7 33. Qg3 Qe7 34. Qxd6 Qxe4 35. Qxc5 Re7 36. d6 Rd7 37. R2f4 Qb7 38. Qg1 Qc6 39. Rd4 Rfd8 40. Qd1 Rc8 41. Na2 Bc4 42. Nc3 Be6 43. Rf1 Qb6 44. Ne4 Kg7 45. Rb4 Qe3 46. Re1 Qa7 47. Qf3 Bf5 48. Qg3 a5 49. Qe5+ 1-0

[Event "Warsaw YMCA Winter-B 164th"]
[Site "Warsaw"]
[Date "2016.01.29"]
[Round "4"]
[White "Lewandrowski, Tomasz"]
[Black "Pietrzak, Wojciech"]
[Result "0-1"]
[WhiteElo "1886"]
[BlackElo "1886"]
[PlyCount "90"]
[EventDate "2016.01.07"]
[EventType "tourn"]
[EventRounds "13"]
[EventCountry "POL"]
[SourceTitle "EXT 2019"]
[Source "ChessBase"]
[SourceDate "2018.10.10"]
[SourceVersion "1"]
[SourceVersionDate "2018.10.10"]
[SourceQuality "1"]

1. e4 c5 2. Nf3 e6 3. d4 cxd4 4. Nxd4 Nf6 5. Nc3 Bb4 6. Bd3 Nc6 7. Nxc6 bxc6 8. 0-0 Bxc3 9. bxc3 Qa5 10. Bd2 0-0 11. Qe2 d6 12. c4 Qc7 13. f4 e5 14. f5 d5 15. cxd5 cxd5 16. exd5 e4 17. Bc4 Bb7 18. Bf4 Qc5+ 19. Be3 Qc7 20. Bd4 Bxd5 21. Bxd5 Nxd5 22. f6 g6 23. Qxe4 Qc4 24. Rae1 h6 25. Be5 Rac8 26. Bd6 Qxe4 27. Rxe4 Rfd8 28. Be7 Nxe7 29. fxe7 Re8 30. Re2 Rc7 31. Rfe1 f5 32. Kf2 Kf7 33. h4 Kf6 34. h5 gxh5 35. Re6+ Kf7 36. R6e2 Kf6 37. Kg3 Rg8+ 38. Kh4 Rc4+ 39. Kh3 Re8 40. Re6+ Kg5 41. Rd1 Re4 42. Re1 Rc4 43. R1e2 Ra4 44. R2e3 Rh4+ 45. Kg3 f4+ 0-1

[Event "Warsaw YMCA Summer-A 156th"]
[Site "Warsaw"]
[Date "2015.08.07"]
[Round "9"]
[White "Kasperkiewicz, Pawel"]
[Black "Lewandrowski, Tomasz"]
[Result "0-1"]
[WhiteElo "1963"]
[BlackElo "1908"]
[PlyCount "112"]
[EventDate "2015.07.01"]
[EventType "tourn"]
[EventRounds "10"]
[EventCountry "POL"]
[SourceTitle "EXT 2019"]
[Source "ChessBase"]
[SourceDate "2018.10.10"]
[SourceVersion "1"]
[SourceVersionDate "2018.10.10"]
[SourceQuality "1"]

1. e4 c6 2. d4 d5 3. Nd2 dxe4 4. Nxe4 Nf6 5. Nxf6+ exf6 6. Bc4 Bd6 7. Ne2 Qc7 8. h3 0-0 9. 0-0 b5 10. Bb3 Bf5 11. Be3 Nd7 12. Qd2 Rfe8 13. a4 bxa4 14. Rxa4 Nb6 15. Ra6 Nd5 16. Bxd5 cxd5 17. Nc3 Be6 18. Nb5 Bh2+ 19. Kh1 Qc4 20. Qd3 Qxd3 21. cxd3 Rab8 22. Kxh2 Rxb5 23. Rxa7 Rxb2 24. Rfa1 g5 25. R7a2 Reb8 26. Bc1 R2b3 27. Ra3 Kg7 28. Rxb3 Rxb3 29. Ra3 Rb1 30. Rc3 h5 31. Kg3 Bf5 32. Kf3 Bxd3 33. Rxd3 Rxc1 34. Ra3 Rd1 35. Ke3 Re1+ 36. Kf3 Re4 37. Ra4 f5 38. g3 f4 39. g4 h4 40. Rb4 f6 41. Ra4 Kg6 42. Rb4 Re6 43. Rb5 Ra6 44. Rxd5 Ra3+ 45. Kg2 f3+ 46. Kh2 Ra2 47. Rf5 Rxf2+ 48. Kg1 Rg2+ 49. Kh1 Rg3 50. Kh2 Kf7 51. d5 Ke7 52. d6+ Kxd6 53. Rxf6+ Ke5 54. Rf5+ Ke4 55. Rxg5 f2 56. Rf5 Rf3 0-1

[Event "Warsaw YMCA Summer-A 156th"]
[Site "Warsaw"]
[Date "2015.07.31"]
[Round "7"]
[White "Koziol, Pawel"]
[Black "Lewandrowski, Tomasz"]
[Result "1-0"]
[WhiteElo "1906"]
[BlackElo "1908"]
[PlyCount "85"]
[EventDate "2015.07.01"]
[EventType "tourn"]
[EventRounds "10"]
[EventCountry "POL"]
[SourceTitle "EXT 2019"]
[Source "ChessBase"]
[SourceDate "2018.10.10"]
[SourceVersion "1"]
[SourceVersionDate "2018.10.10"]
[SourceQuality "1"]

1. Nf3 Nf6 2. g3 b6 3. Bg2 Bb7 4. 0-0 e6 5. c4 c5 6. Nc3 Be7 7. d4 cxd4 8. Qxd4 d6 9. Rd1 a6 10. Bg5 Nbd7 11. Rac1 0-0 12. Nd2 Bxg2 13. Kxg2 h6 14. Bxf6 Nxf6 15. Nde4 Qc7 16. Nxf6+ Bxf6 17. Qxd6 Qxc4 18. b3 Qg4 19. f3 Qf5 20. Qxb6 Rfb8 21. Qf2 Qa5 22. Na4 Rd8 23. Qc5 Qxc5 24. Nxc5 Rxd1 25. Rxd1 Rc8 26. Ne4 Rc2 27. Rd2 Rc1 28. Nxf6+ gxf6 29. Kf2 Kg7 30. Rd4 a5 31. Rc4 Rh1 32. h4 Rh2+ 33. Ke3 Rh3 34. Ra4 f5 35. Kf2 Rh2+ 36. Kf1 Rh1+ 37. Kg2 Rb1 38. Rxa5 Kf6 39. Kf2 h5 40. Rb5 e5 41. a4 f4 42. gxf4 exf4 43. a5 1-0

[Event "Warsaw YMCA Summer-A 156th"]
[Site "Warsaw"]
[Date "2015.07.29"]
[Round "6"]
[White "Maj, Pawel"]
[Black "Lewandrowski, Tomasz"]
[Result "1-0"]
[WhiteElo "2129"]
[BlackElo "1908"]
[PlyCount "73"]
[EventDate "2015.07.01"]
[EventType "tourn"]
[EventRounds "10"]
[EventCountry "POL"]
[SourceTitle "EXT 2019"]
[Source "ChessBase"]
[SourceDate "2018.10.10"]
[SourceVersion "1"]
[SourceVersionDate "2018.10.10"]
[SourceQuality "1"]

1. c4 c5 2. Nc3 Nf6 3. g3 d6 4. Bg2 e6 5. e4 a6 6. Nge2 Be7 7. 0-0 Qc7 8. f4 Nc6 9. d3 Bd7 10. f5 Nd4 11. Nxd4 cxd4 12. Ne2 e5 13. a4 g6 14. Bh3 h5 15. Bd2 h4 16. g4 gxf5 17. gxf5 0-0-0 18. Qe1 Bc6 19. Nc1 Qd7 20. a5 Rdg8+ 21. Kh1 Kb8 22. Bg2 Qd8 23. Bf3 Nh5 24. Qe2 Nf6 25. Na2 Qf8 26. Nb4 Nd7 27. Nxc6+ bxc6 28. b4 Bg5 29. b5 Nc5 30. Rab1 Bxd2 31. Qxd2 cxb5 32. cxb5 Qh6 33. bxa6+ Ka7 34. Qa2 Qf6 35. Rb6 Rb8 36. Qd5 Rhd8 37. Qxc5 1-0

[Event "Warsaw YMCA Summer-A 156th"]
[Site "Warsaw"]
[Date "2015.07.22"]
[Round "4"]
[White "Lewandrowski, Tomasz"]
[Black "Kasperkiewicz, Pawel"]
[Result "0-1"]
[WhiteElo "1908"]
[BlackElo "1963"]
[PlyCount "36"]
[EventDate "2015.07.01"]
[EventType "tourn"]
[EventRounds "10"]
[EventCountry "POL"]
[SourceTitle "EXT 2019"]
[Source "ChessBase"]
[SourceDate "2018.10.10"]
[SourceVersion "1"]
[SourceVersionDate "2018.10.10"]
[SourceQuality "1"]

1. e4 e6 2. d4 d5 3. Nc3 Nf6 4. Bd3 c5 5. Bb5+ Bd7 6. e5 Ne4 7. Bxd7+ Qxd7 8. Nxe4 dxe4 9. Be3 cxd4 10. Qxd4 Qxd4 11. Bxd4 Nc6 12. Ne2 Nxd4 13. Nxd4 0-0-0 14. 0-0-0 Bc5 15. c3 Rd5 16. f4 Rhd8 17. Ne2 Be3+ 18. Kc2 Rd2+ 0-1

[Event "Warsaw YMCA Summer-A 156th"]
[Site "Warsaw"]
[Date "2015.07.21"]
[Round "3"]
[White "Celinski, Kamil"]
[Black "Lewandrowski, Tomasz"]
[Result "0-1"]
[WhiteElo "1845"]
[BlackElo "1908"]
[PlyCount "120"]
[EventDate "2015.07.01"]
[EventType "tourn"]
[EventRounds "10"]
[EventCountry "POL"]
[SourceTitle "EXT 2019"]
[Source "ChessBase"]
[SourceDate "2018.10.10"]
[SourceVersion "1"]
[SourceVersionDate "2018.10.10"]
[SourceQuality "1"]

1. e4 c5 2. Nf3 e6 3. Nc3 a6 4. d3 Nc6 5. Be3 Nf6 6. g3 Be7 7. Bg2 d5 8. exd5 exd5 9. d4 Ng4 10. dxc5 Nxe3 11. fxe3 0-0 12. Qxd5 Nb4 13. Qxd8 Rxd8 14. Rc1 Bxc5 15. Ke2 Bf5 16. e4 Re8 17. Nh4 Be6 18. a3 Bc4+ 19. Kf3 Nc6 20. Bf1 Be6 21. Kg2 Rad8 22. Bd3 Ne5 23. Be2 Ng4 24. Bxg4 Bxg4 25. Nf3 f5 26. Rhe1 Rf8 27. e5 f4 28. h3 Bxf3+ 29. Kxf3 fxg3+ 30. Kxg3 Bf2+ 31. Kg2 Bxe1 32. Rxe1 Rd2+ 33. Kg3 Re8 34. Kf4 Rxc2 35. e6 Rxb2 36. Nd5 Rc2 37. Ke5 Rc6 38. e7 Kf7 39. Rf1+ Rf6 40. Nxf6 Rxe7+ 41. Kf5 gxf6 42. Rf3 b5 43. Rc3 Re5+ 44. Kf4 a5 45. Rc7+ Kg6 46. Ra7 a4 47. Rb7 Rc5 48. h4 Rc4+ 49. Kg3 Rc5 50. Kf4 h6 51. Rb6 Rf5+ 52. Kg4 Rc5 53. Kf4 h5 54. Rb8 Rc4+ 55. Kg3 Rc3+ 56. Kg2 Rb3 57. Rb7 Kf5 58. Rb6 Ke5 59. Kh2 f5 60. Kg2 Kf4 0-1